Europe,India and the limits of secularism / (Record no. 101132)

MARC details
000 -LEADER
fixed length control field 00664nam a22002057a 4500
005 - DATE AND TIME OF LATEST TRANSACTION
control field 20160711162507.0
010 ## - LCCN (DPL NO)
LC control number ENG-115366
020 ## - INTERNATIONAL STANDARD BOOK NUMBER
International Standard Book Number 9780199460977
Terms of availability 995.00
035 ## - SYSTEM CONTROL NUMBER
System control number EN-98898
037 ## - SOURCE OF ACQUISITION
Source of stock number/acquisition DBAD/PUB
082 ## - DEWEY DECIMAL CLASSIFICATION NUMBER
Classification number 322.10954
100 ## - MAIN ENTRY--PERSONAL NAME
Personal name Roover,Jakob De
245 ## - TITLE STATEMENT
Title Europe,India and the limits of secularism /
Statement of responsibility, etc by Jakob De Roover
260 ## - PUBLICATION, DISTRIBUTION, ETC. (IMPRINT)
Place of publication, distribution, etc New Delhi
Name of publisher, distributor, etc Oxford University Press
Date of publication, distribution, etc 2015
270 ## - ADDRESS
Address YMCA,Library Building,1Jai Singh Road
City New Delhi
Postal code 110001
300 ## - PHYSICAL DESCRIPTION
Extent x,282p.
Other physical details 22cm(Hb)
500 ## - GENERAL NOTE
General note Includes bibliographical reference and index
700 ## - ADDED ENTRY--PERSONAL NAME
Dates associated with a name Rathore,Aakash Singh
942 ## - ADDED ENTRY ELEMENTS (KOHA)
Source of classification or shelving scheme Dewey Decimal Classification
Item type English Books
Call number suffix ROO
Classification part 322.10954
Holdings
Withdrawn status Lost status Not for loan Collection code Home library Current library Date acquired Source of acquisition Cost, normal purchase price Full call number Barcode Copy number Cost, replacement price Koha item type
    Not For Loan Non-fiction D.B.Act.Division Bawana 04/07/2016 DBAD/PUB 995.00 322.10954 ROO EN-98898 1 995.00 English Books

© Delhi Public Library
Hit Counter
free hit counter